[Event "ENG-ch Chessable"]
[Site "Kenilworth"]
[Date "2022.05.21"]
[Round "6"]
[White "Ireland, David J"]
[Black "Shenbagakumar, Gautham"]
[Result "1/2-1/2"]
[WhiteElo "2000"]
[BlackElo "1700"]
[PlyCount "128"]
[EventDate "2022.05.19"]
[EventType "swiss"]
[EventRounds "7"]
[EventCountry "ENG"]
[SourceTitle "CBM 208 Extra"]
[Source "ChessBase"]
[SourceDate "2022.07.31"]
[SourceVersion "1"]
[SourceVersionDate "2022.07.31"]
[SourceQuality "1"]

1. d4 Nf6 2. Nf3 d5 3. c4 e6 4. Bg5 Be7 5. Nc3 b6 6. cxd5 exd5 7. e3 Bb7 8. Bd3 Nbd7 9. 0-0 0-0 10. Rc1 c5 11. Re1 Re8 12. Bb1 Qc7 13. Bf4 Qd8 14. Ne5 Nxe5 15. Bxe5 Nd7 16. Bf4 a6 17. dxc5 Nxc5 18. Ne2 Bf6 19. Nd4 g6 20. b4 Ne6 21. Nxe6 Rxe6 22. Rc7 Bc6 23. Qc2 Rc8 24. Rxc8 Qxc8 25. Rc1 Qe8 26. h3 Qd7 27. Qe2 b5 28. Qg4 Bg7 29. h4 d4 30. h5 d3 31. hxg6 hxg6 32. Qd1 Qd5 33. f3 g5 34. Rc5 Qd7 35. Rxg5 d2 36. Bf5 Kf8 37. Bxe6 fxe6 38. Rc5 e5 39. Bxe5 Bxe5 40. Rxe5 Qd3 41. Kf2 Bd5 42. Rxd5 Qxd5 43. Ke2 Qc4+ 44. Kxd2 Qxb4+ 45. Kc2 Qa4+ 46. Kc1 Qxa2 47. Qd2 Qa1+ 48. Kc2 Qa4+ 49. Kb2 b4 50. Qd6+ Kg8 51. Qd5+ Kf8 52. Qd6+ Kg8 53. Qd3 Kf8 54. g4 Qc6 55. Qf5+ Kg8 56. Qg5+ Kh8 57. Qe5+ Kg8 58. Qb8+ Kh7 59. Qxb4 Qxf3 60. Qe7+ Kg8 61. Qe6+ Kh8 62. g5 Qg2+ 63. Ka3 Qxg5 64. Qc8+ Kg7 1/2-1/2

[Event "Basingstoke 4NCL Spring Bank 2nd U2050"]
[Site "Basingstoke"]
[Date "2019.05.27"]
[Round "7"]
[White "Zakarian, Dimitrios Levon"]
[Black "Shenbagakumar, Gautham"]
[Result "0-1"]
[WhiteElo "1594"]
[BlackElo "1539"]
[PlyCount "72"]
[EventDate "2019.05.24"]
[EventType "swiss"]
[EventRounds "7"]
[EventCountry "ENG"]
[SourceTitle "EXT 2020"]
[Source "ChessBase"]
[SourceDate "2019.10.17"]
[SourceVersion "1"]
[SourceVersionDate "2019.10.17"]
[SourceQuality "1"]

1. d4 d5 2. Nf3 Nf6 3. c4 dxc4 4. e3 e6 5. Bxc4 c5 6. 0-0 Be7 7. Qc2 0-0 8. Rd1 Qc7 9. Bd3 Nbd7 10. e4 h6 11. Nbd2 b6 12. a3 Bb7 13. e5 Nd5 14. Ne4 Rac8 15. Bd2 Qb8 16. Qa4 cxd4 17. Qxd4 Rfd8 18. Bc4 Nf8 19. Bxd5 Rxd5 20. Qe3 Rcd8 21. Nc3 Rd3 22. Qe2 Bxf3 23. gxf3 Ng6 24. f4 Nh4 25. Be3 Qb7 26. f3 Nxf3+ 27. Kf1 Nxh2+ 28. Kg1 Nf3+ 29. Kf1 Nd2+ 30. Kg1 Rxe3 31. Qxe3 Bc5 32. Qxc5 bxc5 33. Na4 Qb3 34. Nc3 Qxb2 35. Ne2 c4 36. Rdc1 Nb3 0-1

[Event "Coventry Warwickshire Major U1975"]
[Site "Coventry"]
[Date "2019.02.22"]
[Round "1"]
[White "Shenbagakumar, Gautham"]
[Black "Ashcroft, Graham J"]
[Result "0-1"]
[WhiteElo "1520"]
[BlackElo "1837"]
[PlyCount "142"]
[EventDate "2019.02.22"]
[EventType "swiss"]
[EventRounds "5"]
[EventCountry "ENG"]
[SourceTitle "EXT 2025"]
[Source "ChessBase"]
[SourceDate "2024.10.14"]
[SourceVersion "1"]
[SourceVersionDate "2024.10.14"]
[SourceQuality "1"]

1. e4 e6 2. d4 d5 3. Nc3 Bb4 4. e5 c5 5. a3 Bxc3+ 6. bxc3 Ne7 7. Ne2 Nbc6 8. g3 Bd7 9. Bg2 0-0 10. 0-0 Rc8 11. Be3 Nf5 12. Kh1 Nxe3 13. fxe3 Na5 14. Qc1 Nc4 15. Rb1 b6 16. Ra1 Ba4 17. Nf4 Qd7 18. Nh5 Kh8 19. e4 Bc6 20. Rf6 dxe4 21. Qg5 Rg8 22. Raf1 Rcf8 23. Kg1 cxd4 24. Bh3 dxc3 25. Bxe6 Qd4+ 26. Kg2 Ne3+ 27. Kh3 Nxf1 28. Rxf1 Bd7 29. Bxd7 Qxd7+ 30. g4 Qd2 31. Qf5 Qh6 32. Kh4 g6 33. Qf6+ Rg7 34. Qxg7+ Qxg7 35. Nxg7 Kxg7 36. Re1 Rd8 37. Re3 Rd5 38. Rxc3 Rxe5 39. Re3 Kf6 40. Kg3 Ke6 41. Kf4 Kd5 42. h3 h6 43. h4 Kd4 44. c3+ Kd5 45. g5 hxg5+ 46. hxg5 Rf5+ 47. Kg4 b5 48. Rg3 a5 49. Re3 Rf3 50. Rxf3 exf3 51. Kxf3 Kc4 52. Ke4 Kxc3 53. Ke5 b4 54. Kf6 bxa3 55. Kxf7 a2 56. Kxg6 a1Q 57. Kh7 Kc4 58. g6 a4 59. g7 Qxg7+ 60. Kxg7 a3 61. Kf6 a2 62. Ke5 a1Q+ 63. Kf5 Qd4 64. Kg5 Qf2 65. Kg6 Qf4 66. Kg7 Kd5 67. Kg6 Ke6 68. Kg7 Qf6+ 69. Kh7 Qg5 70. Kh8 Kf7 71. Kh7 Qg7# 0-1

[Event "BCF-ch U12"]
[Site "Bournemouth"]
[Date "2016.07.27"]
[Round "4"]
[White "Shenbagakumar, Gautham"]
[Black "Munshi, Aditya"]
[Result "0-1"]
[WhiteElo "1176"]
[BlackElo "1838"]
[PlyCount "86"]
[EventDate "2016.07.24"]
[EventType "swiss"]
[EventRounds "7"]
[EventCountry "ENG"]
[SourceTitle "EXT 2017"]
[Source "ChessBase"]
[SourceDate "2016.10.25"]
[SourceVersion "1"]
[SourceVersionDate "2016.10.25"]
[SourceQuality "1"]

1. e4 c5 2. Nf3 d6 3. d4 cxd4 4. Nxd4 Nf6 5. Nc3 a6 6. Be2 e5 7. Nb3 Be7 8. Be3 Be6 9. Bf3 Nbd7 10. 0-0 0-0 11. h3 Rc8 12. Nc1 b5 13. a3 Nb6 14. Bxb6 Qxb6 15. Qd2 Rfd8 16. N1e2 Qc5 17. Rfd1 Rd7 18. Nc1 Qb6 19. Nd5 Bxd5 20. exd5 Rdc7 21. c3 e4 22. Be2 Rc5 23. Qf4 Qb7 24. Na2 Rxd5 25. Rxd5 Qxd5 26. Nb4 Qb7 27. Bg4 Rc5 28. Re1 d5 29. Qe5 h5 30. Bd1 a5 31. Na2 Qd7 32. b4 axb4 33. cxb4 Rc7 34. Bxh5 Nxh5 35. Qxh5 Rc2 36. Re2 g6 37. Qg4 Qxg4 38. hxg4 Rxe2 39. Nc3 Rd2 40. Nxb5 d4 41. a4 Bxb4 42. Na7 Bd6 43. Nc6 Rd1# 0-1

[Event "BCF-ch U12"]
[Site "Bournemouth"]
[Date "2016.07.25"]
[Round "2"]
[White "Shenbagakumar, Gautham"]
[Black "Onslow, Teddy"]
[Result "0-1"]
[WhiteElo "1176"]
[BlackElo "1720"]
[PlyCount "134"]
[EventDate "2016.07.24"]
[EventType "swiss"]
[EventRounds "7"]
[EventCountry "ENG"]
[SourceTitle "EXT 2017"]
[Source "ChessBase"]
[SourceDate "2016.10.25"]
[SourceVersion "1"]
[SourceVersionDate "2016.10.25"]
[SourceQuality "1"]

1. e4 d5 2. exd5 Qxd5 3. Nc3 Qa5 4. d4 Nf6 5. Nf3 c6 6. Bd2 Bf5 7. Ne5 Nbd7 8. Nxd7 Nxd7 9. Rb1 e6 10. a3 Qc7 11. Be3 Bd6 12. h3 0-0 13. Bd3 Bxd3 14. Qxd3 Nf6 15. Ne4 Be7 16. c4 Rfd8 17. 0-0 e5 18. c5 Re8 19. Nxf6+ Bxf6 20. Qc3 Rad8 21. Rbd1 h6 22. Rd3 Rd5 23. Rfd1 Red8 24. dxe5 Qxe5 25. Qxe5 Bxe5 26. Rxd5 Rxd5 27. Rxd5 cxd5 28. b4 d4 29. Bd2 d3 30. g3 Bb2 31. a4 Ba3 32. a5 Kf8 33. Kg2 Ke7 34. Kf3 Kd7 35. Ke4 Kc6 36. Kxd3 Kb5 37. Kd4 a6 38. Kd5 Bxb4 39. Bxb4 Kxb4 40. c6 bxc6+ 41. Kxc6 Kxa5 42. Kc5 h5 43. f3 g5 44. f4 gxf4 45. gxf4 f5 46. Kd5 Kb5 47. Ke5 a5 48. Kxf5 a4 49. Kg6 a3 50. f5 a2 51. f6 a1Q 52. Kf7 Qf1 53. Ke7 Qxh3 54. f7 Qf3 55. f8Q Qxf8+ 56. Kxf8 h4 57. Kg7 h3 58. Kg6 h2 59. Kg5 h1Q 60. Kf5 Qe1 61. Kf4 Kc4 62. Kf5 Kd5 63. Kf4 Qe4+ 64. Kg5 Ke5 65. Kh6 Qg2 66. Kh7 Kf6 67. Kh8 Qg7# 0-1